Statystyki dla Które z tych państw...

Kliknij tutaj aby rozwiązać quiz!

Ogólne statystyki

  • Ten quiz został rozwiązany 50 razy
  • Średni wynik to 6 z 10

Statystyki odpowiedzi

ZagadnienieOdpowiedź% Poprawnych
...ma dostęp do morzaIzrael
87%
...leży całkowicie na wyspieMauritius
85%
..."posiada w sobie" inne państwoRepublika Południowej Afryki
83%
...posiada godło na fladzeAndora
80%
...za stolicę ma miasto ManilaFilipiny
72%
...ma stolicę zaczynającą się na literę NIndie
61%
...ma najmniejszą gęstość zaludnieniaMongolia
54%
...jest większe od PolskiJaponia
50%
...liczy sobie ponad 50 000 000 osóbKorea Południowa
37%
...leży najbliżej FrancjiSurinam
37%

Rozkład punktacji

Percentyl według liczby udzielonych odpowiedzi

Procent ludzi z każdym wynikiem

Twoja historia wyników

Nie rozwiązałeś tego quizu